Missing Word: 'T' #1s Quiz Stats

 Plays Quiz Updated Dec 12, 2013

Support Sporcle.
Go Orange.
Score 0/20 Timer 03:00
4 Plays Today
Single Title 'T' Word % Correct
...Baby One More ____Time
98.1%
Crazy Little ____ Called LoveThing
97.3%
Eye of the ____Tiger
97.2%
The Lion Sleeps ____Tonight
96.4%
Every Rose Has Its ____Thorn
94.1%
We Are Never Ever Getting Back ____Together
92%
Last ____ to ClarksvilleTrain
89.9%
____ Times a LadyThree
87.7%
(Love Is) ____ Than WaterThicker
87.5%
____ ColorsTrue
86.1%
Single Title 'T' Word % Correct
____ on MeTake
78.3%
The ____ Is HighTide
74.2%
Ruby ____Tuesday
73.5%
____ My BodyTouch
69.5%
The ____ of a ClownTears
68.7%
____ DreamTeenage
58.9%
Hangin' ____Tough
58.3%
Gypsys, ____ & ThievesTramps
54.6%
Mr. ____ ManTambourine
53.3%
Shake Ya ____Tailfeather
33.8%

Today's Daily Dose

You're not logged in!

Compare scores with friends on all Sporcle quizzes.
OR
Log In
Forgot?

From the Vault

Nile River Countries

by guilherme_4

Rest assured, you won't need to deal with crocodiles here.
Remove Ads.
Support Sporcle.
Get the best of Sporcle when you Go Orange. This ad-free experience offers more features, more stats, and more fun while also helping to support Sporcle. Thank you for becoming a member.

Show Comments

Extras

Top Quizzes Today


Score Distribution

Your Account Isn't Verified!

In order to create a playlist on Sporcle, you need to verify the email address you used during registration. Go to your Sporcle Settings to finish the process.

Report this User

Report this user for behavior that violates our Community Guidelines.

Details: